Modern methods of plant analysis. V 2 (Record no. 21041)

MARC details
000 -LEADER
fixed length control field 00460nam a2200181Ia 4500
082 ## - DEWEY DECIMAL CLASSIFICATION NUMBER
Classification number 581.1
Item number PAE.2
245 #0 - TITLE STATEMENT
Title Modern methods of plant analysis. V 2
260 ## - PUBLICATION, DISTRIBUTION, ETC. (IMPRINT)
Place of publication Berlin
Name of publisher Springer
Year of publication 1955
650 ## - SUBJECT ADDED ENTRY--TOPICAL TERM
Topical Term Chitin
650 ## - SUBJECT ADDED ENTRY--TOPICAL TERM
Topical Term Pektine
650 ## - SUBJECT ADDED ENTRY--TOPICAL TERM
Topical Term Phosphorylated sugar
650 ## - SUBJECT ADDED ENTRY--TOPICAL TERM
Topical Term Plant mucilage
650 ## - SUBJECT ADDED ENTRY--TOPICAL TERM
Topical Term Plant tissue extracts
650 ## - SUBJECT ADDED ENTRY--TOPICAL TERM
Topical Term Plsnt gums
650 ## - SUBJECT ADDED ENTRY--TOPICAL TERM
Topical Term Volatile acids
942 ## - ADDED ENTRY ELEMENTS (KOHA)
Koha item type Books
Holdings
Withdrawn status Lost status Damaged status Not for loan Home library Current library Date acquired Cost, normal purchase price Full call number Accession Number Koha item type
        RRII Library RRII Library 16/12/2021 110.00 581.1 PAE.2 01763 Books